000 00695nam a2200289Ia 4500
005 20260324143118.0
008 008 260324s9999 xx 000 0 eng d
020 _a9781315485775
037 _aEBOOK
040 _aCRL
040 _beng
040 _cCRL
041 _2eng
041 _aeng
084 _qCRL
100 _aJoseph P. Keddell
_91214426
245 4 _aThe Politics of Japanese Defense
245 0 _bManaging Internal and External Pressures
260 _bTaylor and Francis
260 _c1993
365 _a
365 _b145
856 _uhttp://www.taylorfrancis.com/books/9781315485775
942 _cEBOOK
999 _c1819450
_d1819450